000 00555nam a2200181Ia 4500
008 100920s9999 xx 000 0 und d
082 _b50648
_a--- थ 84
100 _aजोगळेकर योगिनी.
245 _aसुहृद.
260 _bउदयदीप प्रकाशन, गिरगाव मुंबई 4.
_c1984
300 _a208
_bसाधी
365 _b45
520 _aकादंबरी.
630 _aसुहृद.
650 _aकादंबरी.
730 _aसुहृद.
942 _cBOOK
999 _c696838
_d696835